000 00367nam a2200145Ia 4500
008 240624s9999 xx 000 0 und d
041 _aeng
082 _a332.1 SUB
100 _aSUBBAKRISHNA K R
245 _aBANK CREDIT MANAGEMENT
250 _a(2nd ed.)
260 _c2013
_aNew Delhi
_bHimalaya Publishing House Pvt Ltd
300 _a392 : p.
365 _cRS
_b25
999 _c21128
_d21128